000 00480nam a2200145Ia 4500
008 221007s9999 xx 000 0 und d
041 _aeng
082 _a658.312 44
_bMS
100 _aMs . Meenal Shreyas Rao & Dr. Ashutosh Misal
_9105164
245 _aAssessment Of Performance Of Expatriates Working In Selected Mncs In Pune: A Critical Study
260 _c2019
_bSavitribai Phule Pune University
_aPune
300 _a215p
_cHard Bound
440 _v1
906 _bReference Books
999 _c80064
_d80064